000 00559nam a2200193Ia 4500
005 20250326143450.0
008 250326s9999 xx 000 0 und d
020 _a0-631-23317-2
037 _aTextbook
040 _aFMSL
_beng
_cFMSL
041 _aeng
_2eng
084 _aX:8k N7.-4
_qFMSL
100 _aGarrett Ian
_9748063
245 0 _aBlackwell encyclopedia of management : Fice
_cGarrett Ian
260 _aUnited Kingdom
_bUnited Kingdom, Blackwell
_c1997
300 _axii,235
942 _cTB
_hX:8k N7.-4
999 _c1299675
_d1299675